Forest Inventory : Methodology and applications, edited by : Kangas, Annika & Maltamo, Matti
| Other Authors: | , |
|---|---|
| Format: | Book |
| Published: |
Dordrecht:London : Springer ,
2006
|
| Subjects: |
MARC
| LEADER | 00000cam a2200000 7i4500 | ||
|---|---|---|---|
| 001 | 0000003761 | ||
| 005 | 20110531.0 | ||
| 020 | 0 | 0 | |a 1402043791 |
| 090 | 0 | 0 | |a 634.928522 |b ANNI 2006 |
| 245 | 0 | 0 | |a Forest Inventory : |b Methodology and applications, edited by : Kangas, Annika & Maltamo, Matti |
| 260 | 0 | 0 | |b Dordrecht:London : |b Springer , |c 2006 |
| 300 | |a xix.362 p. : |b ill.(some col.) ; |c 25 cm. | ||
| 650 | 0 | 0 | |a Forest mapping |
| 650 | 0 | 0 | |a Forests surveys |
| 700 | 0 | 1 | |a Kangas, Annika |
| 700 | 0 | 1 | |a Maltimo, Matti |
| 999 | |a 007609 |b Monograph |c Open Shelf |e Default branch | ||